Brightest star of each constellation - Statistics

General Stats
  • This quiz has been taken 32 times
  • The average score is 17 of 46
Answer Stats
Nr. Constellation Answer % Correct
14 Canis Major Sirius
93%
84 Ursa Minor Polaris
87%
60 Orion Rigel
87%
38 Gemini Pollux
80%
15 Canis Minor Procyon
80%
78 Taurus Aldebaran
73%
52 Lyra Vega
73%
73 Scorpius Antares
67%
11 Boötes Arcturus
67%
8 Auriga Capella
67%
17 Carina Canopus
60%
86 Virgo Spica
60%
30 Crux Acrux
53%
5 Aquila Altair
53%
31 Cygnus Deneb
53%
46 Leo Regulus
53%
63 Perseus Mirfak
47%
36 Eridanus Achernar
40%
42 Hydra Alphard
40%
27 Corona Borealis Alphecca
40%
1 Andromeda Alpheratz
40%
83 Ursa Major Alioth
33%
59 Ophiuchus Rasalhague
33%
20 Cepheus Alderamin
27%
7 Aries Hamal
27%
61 Pavo Peacock
27%
19 Centaurus Rigil Kentaurus
27%
39 Grus Alnair
20%
64 Phoenix Ankaa
20%
48 Lepus Arneb
20%
28 Corvus Gienah
20%
72 Sagittarius Kaus-Australis
20%
81 Triangulum Australe Atria
13%
21 Cetus Diphda
13%
34 Draco Eltanin
13%
62 Pegasus Enif
13%
67 Piscis Austrinus Formalhaut
13%
35 Equuleus Kitalpha
13%
24 Columba Phact
13%
4 Aquarius Sadalsuud
13%
49 Libra Zubeneschamali
13%
40 Hercules Kornephoros
7%
68 Puppis Naos
7%
32 Delphinus Rotanev
7%
76 Serpens Unukalhai
7%
10 Caelum Chisel
0%
No matching quizzes found
Score Distribution
Percent of People with Each Score
Percentile by Number Answered
Your Score History
You have not taken this quiz